000
00287nam a22001217a 4500
082
_a
153.4
_b
CHA/N
100
_a
CHATTERJEE,N.N
245
_a
NEHRU'S THOUGHTS ON NATIONAL TOPICS
260
_a
NEW DELHI
_b
PUBLICATION DIVISION
300
_a
98
650
_a
THOUGHTS
_z
NEW DELHI
942
_c
BK
999
_c
3739
_d
3739